000 00827nam a2200205Ii 4500
003 JO-AjNU
008 230605s9999||||xx |||||||||||||| ||und||
040 _aJO-AjNU
_bara
_erda
_cJO-AjNU
041 _aara
050 1 4 _aHQ80.G6612 2005
100 3 _aغراي، جون ؛ ترجمة: نافع سليمان السبع,
_eauthor
_923790
245 0 0 _aالمريخ والزهرة عود على بدء: دليل عملي لايجاد الحب مرة اخرى بعد انفصال مؤلم او طلاق او وفاة الزوج
250 _aط1
264 3 1 _aاربد: دار الامل للنشر والتوزيع، 2005
300 _a291ص
336 _atext
_btxt
_2rdacontent
337 _aunmediated
_bn
_2rdamedia
338 _avolume
_bnc
_2rdacarrier
650 4 _aالعلاقات الاسرية - الزواج
_923791
999 _aA8662
_c12230
_d12230